00702pam a2200217 a 45000010008000000030010000080050017000180080041000350100017000760200015000930400012001080820016001201000021001362450080001572500012002372600011002496500025002606500041002858560085003268560073004112051614NUST-PNEC20170116180941.0930720s1995 nyu 001 0 eng  a 93029589  a0070472580 cLIBRARY00a621.395 LEA1 aLeach, Donald P.10aDigital principles and applications cDonald P. Leach, Albert Paul Malvino. a5th ed. cc.1995 0aDigital electronics. 0aElectronic digital computersxEE, EL423Publisher descriptionuhttp://www.loc.gov/catdir/description/mh031/93029589.html413Table of contentsuhttp://www.loc.gov/catdir/toc/mh031/93029589.html